000 01377nac a22003371i 4500
003 EG-ScBUE
005 20250624084259.0
008 250618t2006 gw a f b 001 0 eng d
020 _a9783527403837
020 _a3527403833
035 _a(OCoLC)ocm64772078
040 _aEG-ScBUE
_beng
_erda
_cEG-ScBUE
_dEG-ScBUE
082 0 4 _a537.623
_bHIG
_222
245 0 0 _aHigh temperature superconductor bulk materials :
_bfundamentals-processing-properties control-application aspects /
_cGernot Krabbes [and four others]
264 1 _aWeinheim :
_bWiley-VCH Verlag & Co. KGaA,
_c[2006]
264 4 _cc2006
300 _axii, 299 pages :
_billustrations ;
_c25 cm
336 _2rdacontent
_atext
_btxt
337 _aunmediated
_2rdamedia
_bn
338 _avolume
_bnc
_2rdacarrier
500 _aErrata slip inserted.
504 _aIncludes bibliographical references and index.
650 7 _aHigh temperature superconductors.
_2BUEsh
650 7 _aBulk solids.
_2BUEsh
655 _vReading book
700 1 _aKrabbes, Gernot,
_eauthor.
856 4 2 _3Contributor biographical information
_uhttp://www.loc.gov/catdir/enhancements/fy0653/2006436640-b.html
856 4 2 _3Publisher description
_uhttp://www.loc.gov/catdir/enhancements/fy0653/2006436640-d.html
856 4 2 _3Table of contents only
_uhttp://www.loc.gov/catdir/enhancements/fy0653/2006436640-t.html
942 _cBB
_2ddc
999 _c7918
_d7918